Responses for Show #1818 - Wednesday, June 24, 1992

Scattering of 13 clues only.

Contestants

Wayne Winston, a college professor from

Nina Jackson, from

Jer Bradford, a teacher from (whose 1-day cash winnings total $10,800)

[next game >>]

Jeopardy! Round responses

BUFFALO
BILLS
CLOTHING
ART
COLLEGES & UNIVERSITIES
CATTY PHRASES
    $100 1
=

Nina
    $100 13
=

Jer
    $100 18
=

Jer
    $100 23
=

Nina
    $100 3
=

Jer
    $100 8
=

Wayne
    $200 2
=

Nina
    $200 14
=

Jer
    $200 19
=

Jer
    $200 24
=

Nina
    $200 4
=

Jer
    $200 9
=

Triple Stumper
    $300 10
hockey

Wayne
    $300 15
=

Jer
    $300 20
=

Nina
    $300 25
=

Nina
    $300 5
=

Wayne
    $300 28
=

Wayne
    $400 11
McKinley

Wayne
    $400 16
=

Jer
    $400 21
=

Nina
    $400 26
=

Wayne
    $400 6
=

Jer
    $400 29
=

Wayne
    $300 12
Lake Erie

Wayne
    $500 17
=

Jer
    $500 22
=

Jer
    $500 27
=

Wayne
    $500 7
=

Jer
    $500 30
=

Wayne

Scores at the first commercial break (after clue 15):

Jer Nina Wayne
$1,800 $300 $1,400

Scores at the end of the Jeopardy! Round:

Jer Nina Wayne
$3,500 $1,600 $3,500

Double Jeopardy! Round responses

ANCIENT ROME
THE HUMAN BODY
WOMEN
WORLD GEOGRAPHY
CHARACTERS IN NOVELS
LEWIS & CLARK
    $200 3
Brutus

Wayne
    $200 11
=

Jer
    $200 12
=

Wayne
    $200 17
=

Wayne
    $200 1
Tom Jones

Wayne
    $200 22
=

Triple Stumper
    $400 7
=

Nina
    $400 27
(Jer:)

=

JerNinaWayne
    $400 13
=

Nina
    $400 18
=

Wayne
    $400 2
The Last Temptation of Christ

Jer
    $400 23
=

Nina
    $600 8
=

Nina
    $600 28
=

Nina
    $600 14
=

Triple Stumper
    $600 19
=

Triple Stumper
    $600 4
Pip

Wayne
    $600 24
Jefferson

Wayne
    $1,100 9
=

Nina
    $800 30
(Nina: What is the kidney?)
(Jer: What is the, uh, pancreas?)
(Wayne: Why not? What is the appendix?)
(Alex: No harm, no foul. What is the [*]?)

stomach

JerNinaWayne
Triple Stumper
    $900 15
(Wayne: )

=

Wayne
    $800 20
=

Triple Stumper
    $800 5
Sister Carrie

Wayne
    $800 25
(Alex: Yes, and we have less than a minute to go.)

the Whiskey Rebellion

Wayne
    $1000 10
=

Wayne
    $1000 29
=

Triple Stumper
    $1000 16
=

Triple Stumper
    $1000 21
=

Wayne
    $1000 6
The Red and the Black

Wayne
    $1000 26
George Rogers Clark

Wayne

Scores at the end of the Double Jeopardy! Round:

Jer Nina Wayne
$2,900 $3,900 $10,200
(lock game)

[wagering suggestions for these scores]

Final Jeopardy! Round responses

U.S. STATES
JerWhat is WVa & KY
$2,900
NinaWhat are W. Virginia and Virginia
$3,900
WayneWhat are Virginia and West Virginia?
$2,000
West Virginia & Kentucky

Final scores:

Jer Nina Wayne
$5,800 $0 $8,200
2nd place 3rd place New champion: $8,200

Game dynamics:

Coryat scores:

Jer Nina Wayne
$2,900 $3,600 $11,300
14 R,
2 W
13 R
(including 1 DD),
2 W
24 R
(including 1 DD),
2 W
(including 1 DD)

Combined Coryat: $17,800

[game clues] [game scores] [suggest correction]

Game tape date: 1992-02-10
The J! Archive is created by fans, for fans. Scraping, republication, monetization, and malicious use prohibited; this site may use cookies and collect identifying information. See terms. The Jeopardy! game show and all elements thereof, including but not limited to copyright and trademark thereto, are the property of Jeopardy Productions, Inc. and are protected under law. This website is not affiliated with, sponsored by, or operated by Jeopardy Productions, Inc. Join the discussion at JBoard.tv.